| 000 | 00516 a2200157 4500 | ||
|---|---|---|---|
| 003 | Nust | ||
| 005 | 20221227132011.0 | ||
| 040 | _cNust | ||
| 082 | _a355.02,ARM | ||
| 245 |
_aCampaigns of The second Afghan war, 1878-80 / _cArmy Education |
||
| 260 |
_aRawalpindi _bEducation Press |
||
| 300 | _a271:p | ||
| 505 | _aPart 1:- The Prespective (Page-1), The Course of the second Afghan War (Page-67), Tactical Study of the Battle (Page-239). | ||
| 650 |
_a second Afghan war _9106055 |
||
| 942 |
_2ddc _cBK _k355.02,ARM |
||
| 999 |
_c185129 _d185129 |
||